00672nam a22001817a 450000500170000001000680001702000260008503500140011103700400012503700090016508200150017424500880018926000570027727000780033430000210041270000290043370000280046220250723110814.0 aB-746841-843 E.N.A./7.11.22 ENG-146074 a9789351252818c750.00 aEN-129606 bConcept Publishing Company PVY.LTD. bDBAD a305.56221 aDr. B.R. Ambedkar's Ideas and Thoughts/cEd. by Xavier P. Mao [and] Subhash C. Arya aNew DelhibConcept Publishing Company PVY.LTD.c2021 aA/15-16,Commercial Block, Mohan GardenbNew Delhie110059k91-11-41101460 a193p.c23cm(hbk) aArya C. Subhash eEditor aMao, Xavier P. eEditor